| 000 | 00737nam a22002417b 4500 | ||
|---|---|---|---|
| 001 | bimo0000757725 | ||
| 003 | OSt | ||
| 005 | 20150213213001.0 | ||
| 008 | 971218s2000 dom spa | ||
| 020 | _a84-499-7764-9 | ||
| 040 |
_aSpMaBN _bspa _cBMC _erdc |
||
| 082 | _a972.93054 | ||
| 082 | _a080 Balaguer, Joaquín | ||
| 100 | 1 |
_aBalaguer, Joaquín _d1906-2002 _93070 |
|
| 245 | 1 | 3 |
_aLa voz del capitolio _cJoaquín Balaguer |
| 260 | 0 |
_aSanto Domingo _bCorripio _c1984 |
|
| 300 |
_a438 p. _bil. _c25 cm |
||
| 490 | 0 |
_aDiscursos _v9 |
|
| 650 | 2 | 4 |
_93173 _aPeriodismo _vColecciones de escritos |
| 651 | 2 | 4 |
_93169 _aRepública Dominicana _xHistoria |
| 651 | 2 | 4 |
_99475 _aRepública Dominicana _xPolítica y gobierno _y1961 |
| 942 |
_2ddc _cBK |
||
| 999 |
_c1885 _d1885 |
||